| 000 | 00593nam a2200193Ia 4500 | ||
|---|---|---|---|
| 005 | 20250508161517.0 | ||
| 008 | 008 250505s9999 xx 000 0 eng d | ||
| 037 | _aTextual | ||
| 040 |
_aFEDL _beng _cFEDL |
||
| 041 |
_aeng _2eng |
||
| 084 |
_a371.2, WAY _qFEDL |
||
| 100 |
_aWayland Sloan R _9763107 |
||
| 245 | 0 | _aAids to community analysis for the school administrator | |
| 260 |
_aNew York, USA _bCooperative Program in Educational Administration _c1956 |
||
| 300 | _a51p. | ||
| 650 | _aSchool Administration | ||
| 942 |
_cTEXL _h371.2, WAY |
||
| 999 |
_c1370419 _d1370419 |
||